Statistics for Basic Among Us Trivia

Click here to take the quiz!

General Stats

  • This quiz has been taken 62 times
    (34 since last reset)
  • The average score is 14 of 17

Answer Stats

QuestionAnswer% Correct
What is the max number of impostors there can be in one game?3
100%
Name one of the colors in the Fix Wires task:Red; Blue; Pink; Yellow
95%
Name one of the three maps in the game:The Skeld; Mira HQ; Polus
95%
What is the name of the developers of Among Us?Innersloth
91%
What is the largest map in the game?Polus
91%
According to the memes, who is most often declared "sus?"Whoever Is Red
91%
How many people can play in one match?10
91%
What is the name of the original map in the game?The Skeld
91%
What can impostors turn off that limits the crewmate's vision?Lights
91%
How many colors can you choose from?12
91%
Name one of the visual tasks that are on The Skeld:Submit Scan; Clear Asteroids; Empty Garbage; Prime Shields
86%
What are in every map, but only impostors can use?Vents
82%
What room on The Skeld is known as "The Deadliest Room?"Electrical
82%
Name one of the animations that plays when an impostor kills a crewmate:Neck Snap; Knife; Gun; Needle Tongue
73%
What does "sus" mean?Suspicious
73%
What is the hardest task to do for people playing on PC?Swipe ID Card
55%
What is the hardest task to do for people playing on Mobile?Fix Weather Node
23%

Score Distribution

Percentile by Number Answered

Percent of People with Each Score

Your Score History

You have not taken this quiz since the last reset